<?xml version="1.0" encoding="UTF-8"?>
<marc:record xmlns:marc="http://www.loc.gov/MARC21/slim">
   <marc:leader>00000nam a2200000 a 4500</marc:leader>
   <marc:datafield ind1="1" ind2=" " tag="100">
      <marc:subfield code="a">Matuschka, Sophie</marc:subfield>
      <marc:subfield code="4">aut</marc:subfield>
      <marc:subfield code="e">Verfasser/-in</marc:subfield>
   </marc:datafield>
   <marc:datafield ind1="0" ind2="0" tag="245">
      <marc:subfield code="a">Die drei ??? - das Geheimnis der Geisterinsel</marc:subfield>
   </marc:datafield>
   <marc:datafield ind1="0" ind2="0" tag="245">
      <marc:subfield code="c">erzählt von Sophie Matuschka. Nach dem Drehbuch von Philip LaZebnik ...</marc:subfield>
   </marc:datafield>
   <marc:datafield ind1=" " ind2="1" tag="264">
      <marc:subfield code="a">München</marc:subfield>
      <marc:subfield code="b">Dt. Taschenbuch-Verl.</marc:subfield>
      <marc:subfield code="c">2008</marc:subfield>
   </marc:datafield>
   <marc:datafield ind1="1" ind2=" " tag="490">
      <marc:subfield code="a">dtv</marc:subfield>
   </marc:datafield>
   <marc:datafield ind1=" " ind2=" " tag="250">
      <marc:subfield code="a">Ungekürzte Ausg.</marc:subfield>
   </marc:datafield>
   <marc:datafield ind1="1" ind2=" " tag="520">
      <marc:subfield code="a">Angaben aus der Verlagsmeldung

Die drei ??? - Das Geheimnis der Geisterinsel

Peters Vater hat die drei Jungen nach Südafrika eingeladen. Oder genauer gesagt: auf die »Geisterinsel«, wo er der steinreichen Miss Wilbur beim Bau eines Freizeitparks helfen soll. Dort angekommen, bleibt für Sonnenbaden, Schnorcheln oder andere Ferienaktivitäten plötzlich keine Zeit mehr: Ein mysteriöses Ungeheuer, der sogenannte Tokolosh, treibt sein Unwesen und sorgt für Angst und Schrecken. Klare Sache: Die drei ???® haben einen neuen Fall!
</marc:subfield>
   </marc:datafield>
   <marc:datafield ind1=" " ind2=" " tag="020">
      <marc:subfield code="a">9783423713245</marc:subfield>
      <marc:subfield code="9">9783423713245</marc:subfield>
   </marc:datafield>
   <marc:datafield ind1=" " ind2=" " tag="041">
      <marc:subfield code="a">ger</marc:subfield>
   </marc:datafield>
   <marc:datafield ind1=" " ind2=" " tag="300">
      <marc:subfield code="a">156, [16] S.</marc:subfield>
   </marc:datafield>
</marc:record>
